000
00252nam a22001217a 4500
041
_a
ENG
100
_a
Sinon .R.P
245
_a
Inmuation to Food Engineering
260
_a
Delhi
_b
A Cale Pub
_c
2001
300
_a
659
650
_a
APE
856
_u
APe
999
_c
2645
_d
2645